Inderdependenz der landwirtschaftlichen Entwicklung in Ost-und Westdeutschland.

Interakcia poľnohospodárstva oboch častí Nemecka prostredníctvom vytláčajúcej konkurencie na trhu s pôdou a zmena agrárnej politiky. Vytláčajúca konkurencia sa koncentruje na okrajových produkčných teritóriách a rast intenzity sa prejavuje vo východných oblastiach. Stagnácia západonemeckého trhu s p...

Descrizione completa

Salvato in:
Dettagli Bibliografici
Autore principale: Weinschenck, Günther
Natura: Capitolo di libro
Lingua:tedesco
Soggetti:
Tags: Aggiungi Tag
Nessun Tag, puoi essere il primo ad aggiungerne!!

MARC

LEADER 00000naa a2200000 4500
001 r010592
005 20221130112457.3
041 0 |a ger 
044 |a DE 
245 1 0 |a Inderdependenz der landwirtschaftlichen Entwicklung in Ost-und Westdeutschland.  |c G. Weinschenck 
520 |a Interakcia poľnohospodárstva oboch častí Nemecka prostredníctvom vytláčajúcej konkurencie na trhu s pôdou a zmena agrárnej politiky. Vytláčajúca konkurencia sa koncentruje na okrajových produkčných teritóriách a rast intenzity sa prejavuje vo východných oblastiach. Stagnácia západonemeckého trhu s pôdou napriek klesajúcej cene výrobkov je na vysokej cenovej úrovni. Východonemecké ceny pôdy sú blízko hodnôt výnosov. Kríza východonemeckých poľnohospodárskych podnikov. 
610 2 0 |a poľnohospodárstvo 
610 2 0 |a NDR 
610 2 0 |a Nemecko 
610 2 0 |a politika poľnohospodárska 
610 2 0 |a trh 
610 2 0 |a pôda 
610 2 0 |a ceny 
610 2 0 |a konkurencia 
100 1 |a Weinschenck, Günther